Statistiques concernant Artistes et chansons pour l'Eurovision 2021

Cliquez ici pour prendre le quiz!

Statistiques générales

  • Ce quiz a été pris 75 fois
  • Le résultat moyen est 24 sur 39

Statistiques - réponses

PaysArtisteChanson% Correct
FranceBarbara PraviVoilà
96%
MalteDestinyJe Me Casse
84%
AzerbaïdjanEfendiMata Hari
82%
SuisseGjon's TearsTout l'univers
80%
FinlandeBlind ChannelDark Side
78%
ChypreElena TsagrinouEl Diablo
76%
AllemagneJendrikI Don't Feel Hate
76%
NorvègeTIXFallen Angel
74%
UkraineGo_ASHUM
72%
MoldavieNatalia GordienkoSugar
72%
ItalieMåneskinZitti e buoni
72%
GrèceStefaniaLast Dance
70%
IsraëlEden AleneSet Me Free
70%
BelgiqueHooverphonicThe Wrong Place
70%
SerbieHurricaneLoco Loco
68%
LituanieThe RoopDiscoteque
66%
CroatieAlbinaTick-Tock
66%
Saint-MarinSenhitAdrenalina
64%
SuèdeTusseVoices
64%
BulgarieVictoriaGrowing Up Is Getting Old
62%
IslandeDaði & Gagnamagnið10 Years
60%
AlbanieAnxhela PeristeriKarma
60%
PortugalThe Black MambaLove Is On My Side
60%
IrlandeLesley RoyMaps
60%
AustralieMontaigneTechnicolour
60%
SlovénieAna SokličAmen
56%
AutricheVincent BuenoAmen
56%
RoumanieRoxenAmnesia
56%
Royaume-UniJames NewmanEmbers
56%
RussieManizhaRussian Woman
56%
GéorgieTornike KipianiYou
54%
République TchèqueBenny CristoOmaga
48%
PologneRafałThe Ride
48%
LettonieSamanta TīnaThe Moon Is Rising
46%
EspagneBlas CantóVoy A Quedarme
46%
Pays-BasJeangu MacrooyBirth Of A New Age
42%
EstonieUku SuvisteThe Lucky One
38%
Macédoine du NordVasilHere I Stand
34%
DanemarkFyr og FlammeØve os på hinanden
14%

Distribution des résultats

Percentile par nombre de réponses

% des personnes avec chaque résultat

Votre développement - résultats

Vous n’avez pas pris ce quiz